000 00587nam a2200241Ia 4500
003 OSt
005 20220912145715.0
006 a|||||r|||| 00| 0
007 ta
008 220909b |||||||| |||| 00| 0 eng d
024 _a73829
037 _cTextual
040 _aCSL
_beng
_cCSL
041 _aeng
082 _aLA:4:7x2:1, K3.3
100 _aBhishagratna K K
245 0 _aChowkhamba sanskrit studies
260 _c1963
300 _ap.
_ccm.
650 _aMedicine
942 _hLA:4:7x2:1, K3.3
_cTEXL
_2CC
999 _c36712
_d36712